Modelowanie i prognozowanie ekonomiczne materialy z 18 konferencji ekonometryków, statystyków i matematyków Akademii ekonomicznej im K. Adamieckiego w Katowiciach, Akademii ekonomicznej w Krakowie i Akademii ekonomicznej im. Oskara Langego we Wroclawiu 31.5.-2.6. 1982

Guardado en:
Detalles Bibliográficos
Formato: Libro
Lenguaje:polaco
Publicado: Wroclaw Akademia ekonomiczna im. Oskara Langego 1982
Colección:Prace naukowe
Etiquetas: Agregar Etiqueta
Sin Etiquetas, Sea el primero en etiquetar este registro!

MARC

LEADER 00000nam a2200000 4500
001 c112680
005 20240419080939.3
041 0 |a pol 
044 |a PL 
245 1 0 |a Modelowanie i prognozowanie ekonomiczne  |b materialy z 18 konferencji ekonometryków, statystyków i matematyków Akademii ekonomicznej im K. Adamieckiego w Katowiciach, Akademii ekonomicznej w Krakowie i Akademii ekonomicznej im. Oskara Langego we Wroclawiu 31.5.-2.6. 1982 
264 1 |a Wroclaw  |b Akademia ekonomiczna im. Oskara Langego  |c 1982 
300 |a 342 s. 
490 1 |a Prace naukowe 
830 0 |a Prace naukowe